[Event "5th EKA IIFL Investment 2019"]
[Site "Mumbai"]
[Date "2020.01.02"]
[Round "4.35"]
[White "Zysk, Robert"]
[Black "Souhardo Basak"]
[Result "1-0"]
[WhiteElo "2403"]
[BlackElo "2254"]
[Annotator "ChessBase"]
[PlyCount "77"]
[EventDate "2019.12.30"]
[EventType "swiss"]
[EventCountry "IND"]
[SourceTitle "playchess.com"]
[Source "ChessBase"]
[SourceQuality "1"]
[TimeControl "40/5400+30:1800+30"]

1. Nf3 {[%emt 0:00:00]} Nf6 {[%emt 0:00:00]} 2. d4 {[%emt 0:00:00]} e6 {[%emt 0:00:00]} 3. Bg5 {[%emt 0:01:54]} b6 {[%emt 0:05:32]} 4. e4 {[%emt 0:02:05]} h6 {[%emt 0:02:27]} 5. Bxf6 {[%emt 0:00:17]} Qxf6 {[%emt 0:00:03]} 6. Bd3 {[%emt 0:01:17]} Bb7 {[%emt 0:01:24]} 7. Nbd2 {[%emt 0:03:58]} d6 {[%emt 0:01:48]} 8. c3 {[%emt 0:07:08]} Nd7 {[%emt 0:00:47]} 9. Qe2 {[%emt 0:01:28]} g5 {[%emt 0:07:41]} 10. O-O {[%emt 0:08:06]} Bg7 {[%emt 0:02:34]} 11. Ba6 {[%emt 0:04:29]} Bxa6 {[%emt 0:06:09]} 12. Qxa6 {[%emt 0:00:05]} O-O {[%emt 0:02:24]} 13. Qb7 {[%emt 0:03:57]} Rfc8 {[%emt 0:07:10]} 14. Qc6 {[%emt 0:06:08]} Nf8 {[%emt 0:02:08]} 15. e5 {[%emt 0:08:44]} Qe7 {[%emt 0:00:48]} 16. Qe4 {[%emt 0:00:41]} h5 {[%emt 0:09:03]} 17. h3 {[%emt 0:02:24]} d5 {[%emt 0:01:43]} 18. Qe3 {[%emt 0:01:53]} Nh7 {[%emt 0:10:39]} 19. Nh2 {[%emt 0:19:00]} c5 {[%emt 0:03:57]} 20. Rfc1 {[%emt 0:02:48]} Rc7 {[%emt 0:02:53]} 21. Qe2 {[%emt 0:00:46]} cxd4 {[%emt 0:01:39]} 22. cxd4 {[%emt 0:00:07]} Rac8 {[%emt 0:00:47]} 23. Nb3 {[%emt 0:06:33]} Rxc1+ {[%emt 0:02:49]} 24. Rxc1 {[%emt 0:00:42]} Rxc1+ {[%emt 0:00:04]} 25. Nxc1 {[%emt 0:00:09]} Qb4 {[%emt 0:00:03]} 26. Nb3 {[%emt 0:00:59]} Qa4 {[%emt 0:00:02]} 27. g4 {[%emt 0:04:02]} Qxa2 {[%emt 0:01:21]} 28. Qc2 {[%emt 0:00:45]} h4 {[%emt 0:00:28]} 29. Nd2 {[%emt 0:01:10]} a5 {[%emt 0:02:02]} 30. Nhf3 {[%emt 0:00:29]} a4 {[%emt 0:03:47]} 31. Kg2 {[%emt 0:02:50]} Bf8 {[%emt 0:00:30]} 32. Qc6 {[%emt 0:01:20]} Bb4 {[%emt 0:08:44]} 33. Nf1 {[%emt 0:03:28]} Qxb2 {[%emt 0:02:32]} 34. Qxa4 {[%emt 0:00:24]} Bc3 {[%emt 0:00:34]} 35. Ne3 {[%emt 0:02:01]} b5 {[%emt 0:00:15]} 36. Qa7 {[%emt 0:01:12]} Bd2 {[%emt 0:02:07]} 37. Nf5 exf5 {[%emt 0:00:24]} 38. e6 {[%emt 0:03:02]} fxe6 {[%emt 0:01:24]} 39. Ne5 {[%emt 0:00:21]} 1-0

[Event "5th EKA IIFL Investment 2019"]
[Site "Mumbai"]
[Date "2020.01.02"]
[Round "4.36"]
[White "Rajesh, V A V"]
[Black "Raahul V S"]
[Result "1-0"]
[WhiteElo "2393"]
[BlackElo "2252"]
[Annotator "ChessBase"]
[PlyCount "43"]
[EventDate "2019.12.30"]
[EventType "swiss"]
[EventCountry "IND"]
[SourceTitle "playchess.com"]
[Source "ChessBase"]
[SourceQuality "1"]
[TimeControl "40/5400+30:1800+30"]

1. d4 {[%emt 0:00:00]} Nf6 {[%emt 0:00:00]} 2. c4 {[%emt 0:00:00]} g6 {[%emt 0:00:00]} 3. Nc3 {[%emt 0:00:00]} Bg7 {[%emt 0:00:46]} 4. e4 {[%emt 0:01:01]} d6 {[%emt 0:00:07]} 5. Be2 {[%emt 0:01:03]} O-O {[%emt 0:00:28]} 6. Bg5 {[%emt 0:01:04]} Na6 {[%emt 0:00:29]} 7. Qd2 {[%emt 0:00:28]} e5 {[%emt 0:00:20]} 8. d5 {[%emt 0:00:08]} Nc5 {[%emt 0:00:30]} 9. f3 {[%emt 0:09:36]} h6 {[%emt 0:03:13]} 10. Be3 {[%emt 0:00:57]} a5 {[%emt 0:03:18]} 11. Bd1 {[%emt 0:10:37]} Nh5 {[%emt 0:05:38]} 12. Nge2 {[%emt 0:01:53]} f5 {[%emt 0:03:55]} 13. exf5 {[%emt 0:01:25]} Qh4+ {[%emt 0:15:57]} 14. g3 {[%emt 0:12:40]} Qh3 {[%emt 0:11:32]} 15. Bxc5 {[%emt 0:13:47]} dxc5 {[%emt 0:02:30]} 16. Ng1 {[%emt 0:00:28]} Qxf5 {[%emt 0:01:38]} 17. g4 {[%emt 0:00:19]} Qf4 {[%emt 0:00:05]} 18. gxh5 {[%emt 0:00:23]} Qxc4 {[%emt 0:00:05]} 19. hxg6 {[%emt 0:01:09]} a4 {[%emt 0:01:01]} 20. Rc1 {[%emt 0:04:13]} Qh4+ {[%emt 0:00:43]} 21. Qf2 {[%emt 0:00:32]} Qg5 {[%emt 0:00:46]} 22. Nge2 {[%emt 0:00:11]} 1-0

[Event "5th EKA IIFL Investment 2019"]
[Site "Mumbai"]
[Date "2020.01.02"]
[Round "4.37"]
[White "Patil, Pratik"]
[Black "Manik, Mikulas"]
[Result "0-1"]
[WhiteElo "2167"]
[BlackElo "2379"]
[Annotator "ChessBase"]
[PlyCount "68"]
[EventDate "2019.12.30"]
[EventType "swiss"]
[EventCountry "IND"]
[SourceTitle "playchess.com"]
[Source "ChessBase"]
[SourceQuality "1"]
[TimeControl "40/5400+30:1800+30"]

1. e4 {[%emt 0:00:00]} c5 {[%emt 0:00:00]} 2. c3 {[%emt 0:01:06]} Nf6 {[%emt 0:00:00]} 3. e5 {[%emt 0:00:04]} Nd5 {[%emt 0:00:00]} 4. d4 {[%emt 0:00:02]} cxd4 {[%emt 0:00:00]} 5. Nf3 {[%emt 0:00:04]} Nc6 {[%emt 0:00:29]} 6. cxd4 {[%emt 0:00:01]} g6 {[%emt 0:00:17]} 7. Bc4 {[%emt 0:01:52]} Nb6 {[%emt 0:02:14]} 8. Bb3 {[%emt 0:02:35]} Bg7 {[%emt 0:01:12]} 9. O-O {[%emt 0:03:13]} O-O {[%emt 0:06:16]} 10. Bf4 {[%emt 0:04:24]} d6 {[%emt 0:02:18]} 11. exd6 {[%emt 0:03:04]} Bg4 {[%emt 0:00:55]} 12. dxe7 {[%emt 0:12:26]} Qxe7 {[%emt 0:02:42]} 13. Nbd2 {[%emt 0:00:10]} Nxd4 {[%emt 0:01:31]} 14. Re1 {[%emt 0:00:07]} Qd8 {[%emt 0:04:49]} 15. h3 {[%emt 0:02:03]} Nxb3 {[%emt 0:00:22]} 16. Qxb3 {[%emt 0:01:14]} Be6 {[%emt 0:00:49]} 17. Qa3 {[%emt 0:01:05]} Re8 {[%emt 0:03:27]} 18. Bd6 {[%emt 0:11:12]} Bd5 {[%emt 0:07:19]} 19. Rxe8+ {[%emt 0:01:22]} Qxe8 {[%emt 0:01:00]} 20. Re1 {[%emt 0:00:07]} Qb5 {[%emt 0:06:45]} 21. Be5 {[%emt 0:07:27]} Bf8 {[%emt 0:08:26]} 22. Qe3 {[%emt 0:01:18]} Re8 {[%emt 0:04:25]} 23. Qf4 {[%emt 0:03:54]} Bxf3 {[%emt 0:01:21]} 24. Nxf3 {[%emt 0:07:42]} Nd5 {[%emt 0:05:31]} 25. Qd4 {[%emt 0:07:37]} Nb4 {[%emt 0:10:32]} 26. Qh4 {[%emt 0:25:06]} Nd3 {[%emt 0:02:30]} 27. Bc3 {[%emt 0:00:28]} Rxe1+ {[%emt 0:06:54]} 28. Nxe1 {[%emt 0:00:19]} Nc1 {[%emt 0:00:05]} 29. Bf6 {[%emt 0:03:16]} Qe2 {[%emt 0:03:47]} 30. Bc3 {[%emt 0:01:11]} Nxa2 {[%emt 0:00:23]} 31. Qd4 {[%emt 0:00:30]} Nxc3 {[%emt 0:00:18]} 32. Qxc3 {[%emt 0:00:17]} Bd6 {[%emt 0:02:20]} 33. g3 {[%emt 0:00:42]} Be5 {[%emt 0:00:32]} 34. Qa5 {[%emt 0:00:23]} b6 {[%emt 0:00:41]} 0-1

[Event "5th EKA IIFL Investment 2019"]
[Site "Mumbai"]
[Date "2020.01.02"]
[Round "4.38"]
[White "Priyanka, Kumari"]
[Black "Konguvel, Ponnuswamy"]
[Result "0-1"]
[WhiteElo "1874"]
[BlackElo "2367"]
[Annotator "RC"]
[PlyCount "81"]
[EventDate "2019.12.30"]
[EventType "swiss"]
[EventCountry "IND"]
[SourceTitle "playchess.com"]
[Source "ChessBase"]
[SourceQuality "1"]
[TimeControl "40/5400+30:1800+30"]

1. e4 {[%emt 0:00:00]} c5 {[%emt 0:00:00]} 2. Nf3 {[%emt 0:00:00]} Nc6 {[%emt 0:00:01]} 3. d4 {[%emt 0:00:03]} cxd4 {[%emt 0:00:06]} 4. Nxd4 {[%emt 0:00:04]} g6 {[%emt 0:00:17]} 5. Nc3 {[%emt 0:00:41]} Bg7 {[%emt 0:00:18]} 6. Be3 {[%emt 0:00:25]} Nf6 {[%emt 0:00:07]} 7. Bc4 {[%emt 0:00:36]} O-O {[%emt 0:00:26]} 8. Bb3 {[%emt 0:00:38]} d6 {[%emt 0:00:24]} 9. h3 {[%emt 0:00:47]} Na5 {[%emt 0:02:09]} 10. O-O {[%emt 0:02:07]} b6 {[%emt 0:00:12]} 11. Re1 {[%emt 0:02:53]} Bb7 {[%emt 0:00:20]} 12. Bg5 {[%emt 0:01:11]} Nxb3 {[%emt 0:02:59]} 13. axb3 {[%emt 0:02:42]} h6 {[%emt 0:10:34]} 14. Bh4 {[%emt 0:06:40]} Qd7 {[%emt 0:00:40]} 15. Qd3 {[%emt 0:11:20]} Nh5 {[%emt 0:06:24]} 16. Rad1 {[%emt 0:18:46]} Rfe8 {[%emt 0:19:44]} 17. Nd5 {[%emt 0:10:25]} e6 {[%emt 0:04:29]} 18. Nc3 {[%emt 0:00:52]} a6 {[%emt 0:19:37]} 19. Nde2 {[%emt 0:06:35]} d5 {[%emt 0:06:11]} 20. g4 {[%emt 0:10:51]} g5 {[%emt 0:01:30]} 21. Bg3 {[%emt 0:04:29]} Nxg3 {[%emt 0:04:12]} 22. Nxg3 {[%emt 0:00:17]} d4 {[%emt 0:07:39]} 23. Nce2 {[%emt 0:01:25]} Rad8 {[%emt 0:00:03]} 24. c3 {[%emt 0:03:09]} f5 {[%emt 0:02:08]} 25. f3 {[%emt 0:09:02]} Qc7 {[%emt 0:01:37]} 26. c4 {[%emt 0:02:38]} Be5 {[%emt 0:02:38]} 27. Kg2 {[%emt 0:00:21]} fxe4 {[%emt 0:03:30]} 28. fxe4 {[%emt 0:00:21]} Rf8 {[%emt 0:00:17]} 29. Rf1 {[%emt 0:00:35]} Bxg3 30. Nxg3 Rf4 {[%emt 0:03:23]} 31. Rxf4 {[%emt 0:03:01]} gxf4 {[%emt 0:02:15]} 32. Nh1 {[%emt 0:00:34]} e5 {[%emt 0:01:01]} 33. Nf2 {[%emt 0:00:52]} Qe7 {[%emt 0:00:25]} 34. Qf3 {[%emt 0:00:55]} Qh4 {[%emt 0:00:14]} 35. Rd3 {[%emt 0:01:05]} Kf7 {[%emt 0:00:36]} 36. Kf1 {[%emt 0:00:27]} Ke6 {[%emt 0:00:18]} 37. Rd2 {[%emt 0:00:50]} Rg8 {[%emt 0:00:46]} 38. b4 {[%emt 0:00:25]} Rc8 {[%emt 0:00:42]} 39. c5 {[%emt 0:00:28]} Bc6 {[%emt 0:00:23]} 40. Qb3+ {[%emt 0:00:00]} Ke7 {[%emt 0:00:00]} 41. Kg2 {[%emt 0:07:21]} 0-1

[Event "5th EKA IIFL Investment 2019"]
[Site "Mumbai"]
[Date "2020.01.02"]
[Round "4.39"]
[White "Kamdar Udit"]
[Black "Audi Ameya"]
[Result "0-1"]
[WhiteElo "2107"]
[BlackElo "2360"]
[Annotator "TA"]
[PlyCount "56"]
[EventDate "2019.12.30"]
[EventType "swiss"]
[EventCountry "IND"]
[SourceTitle "playchess.com"]
[Source "ChessBase"]
[SourceQuality "1"]

{[%evp 17,90,-13,-9,-11,-3,-5,-14,-59,-18,-39,-10,-25,-27,-150,-106,-258,-298,-266,-141,-326,-92,-227,-112,-136,-76,-71,-47,-63,-68,-113,-126,-286,-284,-373,-353,-360,-345,-300,-176,-192,-144,-258,-83,-93,-106,-91,0,0,0,-24,-8,-8,-8,-7,-29,-457,246,-662,-61,-226,605,0,535,0,829,827,755,-601,715,-29983,0,0,0,0,0]} 1. c4 Nf6 2. d4 c5 3. d5 e6 4. Nc3 exd5 5. cxd5 d6 6. e4 g6 7. Be3 Bg7 8. f3 O-O 9. Bd3 a6 10. a4 {E81: King's Indian: Sämisch: 6th move deviations (including 6 Be3 c6)} Nbd7 11. Nge2 Ne5 12. Nc1 (12. O-O Bd7 13. Ng3 Nxd3 14. Qxd3 b5 15. axb5 axb5 16. e5 c4 17. Qd2 dxe5 {1-0 (46) Edouard,R (2508)-Cossin,S (2466) Chalons 2008}) 12... Bd7 13. Be2 {[#]} b5 $1 {[%mdl 512]} 14. O-O $1 {[%cal Ra4b5]} (14. axb5 axb5) 14... Rb8 15. g4 (15. Nb3 $11) 15... h5 16. h3 $2 (16. g5 $17 {was necessary.} Nh7 17. axb5) 16... hxg4 $19 17. hxg4 Re8 (17... b4 $19 18. Nb1 Nexg4 $1 {[%mdl 512]} 19. fxg4 Nxe4) 18. Nd3 $146 (18. axb5 $17 axb5 19. Qe1) 18... Nc4 $2 (18... b4 $19 {and Black stays clearly on top.} 19. Nxe5 Rxe5) 19. Bf4 (19. Bg5 $17) 19... Nh7 (19... b4 $19 {has better winning chances.} 20. Nb1 Nxg4 $1 {[%mdl 576] Deflection} 21. fxg4 Rxe4) 20. Qc1 g5 ({Black should try} 20... b4 21. Nd1 Na5) 21. Bg3 $17 Bd4+ 22. Bf2 Qf6 23. Bxd4 cxd4 24. Nd1 $2 (24. e5 $17 Nxe5 25. Ne4) 24... Rec8 $19 25. axb5 Ne3 26. Qb1 Nxf1 27. Kxf1 Bxg4 (27... Rxb5 28. Rxa6 Bxg4 29. N3f2 $17) (27... axb5 28. N1f2 $17) (27... Bxb5 $142 28. N1f2 Nf8) 28. Kg2 Bd7 {Played: Bg4-h5} 0-1

[Event "5th EKA IIFL Investment 2019"]
[Site "Mumbai"]
[Date "2020.01.02"]
[Round "4.40"]
[White "Anuj Shrivatri"]
[Black "Ojas Kulkarni"]
[Result "1-0"]
[WhiteElo "2348"]
[BlackElo "2246"]
[Annotator "ChessBase"]
[PlyCount "75"]
[EventDate "2019.12.30"]
[EventType "swiss"]
[EventCountry "IND"]
[SourceTitle "playchess.com"]
[Source "ChessBase"]
[SourceQuality "1"]
[TimeControl "40/5400+30:1800+30"]

1. Nf3 {[%emt 0:00:00]} Nf6 {[%emt 0:00:00]} 2. c4 {[%emt 0:00:00]} c5 {[%emt 0:00:53]} 3. Nc3 {[%emt 0:00:00]} d5 {[%emt 0:00:36]} 4. cxd5 {[%emt 0:00:01]} Nxd5 {[%emt 0:00:06]} 5. e4 {[%emt 0:00:05]} Nb4 {[%emt 0:00:43]} 6. Bc4 {[%emt 0:03:46]} Nd3+ {[%emt 0:00:06]} 7. Ke2 {[%emt 0:00:04]} Nf4+ {[%emt 0:00:04]} 8. Kf1 {[%emt 0:00:03]} Ne6 {[%emt 0:00:04]} 9. b4 {[%emt 0:00:17]} g6 {[%emt 0:00:02]} 10. bxc5 {[%emt 0:00:20]} Bg7 {[%emt 0:00:10]} 11. Bb2 {[%emt 0:00:05]} O-O {[%emt 0:02:17]} 12. h4 {[%emt 0:19:03]} Nc6 {[%emt 0:05:46]} 13. h5 {[%emt 0:00:17]} Nxc5 {[%emt 0:04:33]} 14. d4 {[%emt 0:00:37]} Nd7 {[%emt 0:29:25]} 15. hxg6 {[%emt 0:08:52]} hxg6 {[%emt 0:00:07]} 16. d5 {[%emt 0:15:22]} Nce5 {[%emt 0:13:03]} 17. Be2 {[%emt 0:12:26]} Nxf3 {[%emt 0:12:31]} 18. gxf3 {[%emt 0:02:50]} e5 {[%emt 0:11:54]} 19. d6 {[%emt 0:11:59]} Nb6 {[%emt 0:00:10]} 20. Nb5 {[%emt 0:01:38]} Bd7 {[%emt 0:04:27]} 21. Nc7 {[%emt 0:08:39]} Rc8 {[%emt 0:00:01]} 22. a4 {[%emt 0:00:59]} Bc6 {[%emt 0:00:58]} 23. a5 {[%emt 0:01:17]} Nd7 {[%emt 0:00:06]} 24. Ba3 {[%emt 0:07:28]} Qf6 {[%emt 0:02:04]} 25. a6 {[%emt 0:00:33]} Rfd8 {[%emt 0:01:36]} 26. axb7 {[%emt 0:00:44]} Bxb7 {[%emt 0:00:03]} 27. Qa4 {[%emt 0:01:11]} Bf8 {[%emt 0:01:27]} 28. Rd1 {[%emt 0:00:59]} Nb8 {[%emt 0:01:40]} 29. Qxa7 {[%emt 0:01:47]} Bc6 {[%emt 0:00:07]} 30. Qe3 {[%emt 0:01:59]} Bb7 {[%emt 0:02:51]} 31. Rd2 {[%emt 0:01:10]} Bxd6 {[%emt 0:00:34]} 32. Ne8 {[%emt 0:00:50]} Rxe8 {[%emt 0:01:29]} 33. Rxd6 {[%emt 0:00:09]} Qg7 {[%emt 0:00:10]} 34. Qb3 {[%emt 0:00:32]} Ba8 {[%emt 0:01:04]} 35. Bc4 {[%emt 0:00:33]} Rc6 {[%emt 0:01:18]} 36. Bxf7+ {[%emt 0:00:53]} Qxf7 {[%emt 0:01:06]} 37. Rh8+ {[%emt 0:00:02]} Kg7 {[%emt 0:00:24]} 38. Rh7+ 1-0

[Event "5th EKA IIFL Investment 2019"]
[Site "Mumbai"]
[Date "2020.01.02"]
[Round "4.41"]
[White "Madjidov, Jasur"]
[Black "Bharat Kumar Reddy Poluri"]
[Result "0-1"]
[WhiteElo "2136"]
[BlackElo "2337"]
[Annotator "RC"]
[PlyCount "144"]
[EventDate "2019.12.30"]
[EventType "swiss"]
[EventCountry "IND"]
[SourceTitle "playchess.com"]
[Source "ChessBase"]
[SourceQuality "1"]
[TimeControl "40/5400+30:1800+30"]

1. Nf3 {[%emt 0:00:54]} d5 {[%emt 0:00:00]} 2. d4 {[%emt 0:00:18]} e6 {[%emt 0:00:38]} 3. c4 {[%emt 0:00:12]} Nf6 {[%emt 0:00:08]} 4. Nc3 {[%emt 0:00:09]} Bb4 {[%emt 0:00:11]} 5. cxd5 {[%emt 0:02:37]} exd5 {[%emt 0:00:30]} 6. Bg5 {[%emt 0:00:25]} h6 {[%emt 0:01:58]} 7. Bxf6 {[%emt 0:04:21]} Qxf6 {[%emt 0:00:04]} 8. Qb3 {[%emt 0:00:13]} Nc6 {[%emt 0:00:34]} 9. e3 {[%emt 0:02:52]} O-O {[%emt 0:01:27]} 10. Be2 {[%emt 0:03:55]} Be6 {[%emt 0:08:59]} 11. O-O {[%emt 0:02:35]} a6 {[%emt 0:19:52]} 12. Nxd5 {[%emt 0:25:23]} Qd8 {[%emt 0:01:45]} 13. Bc4 {[%emt 0:00:38]} Bd6 {[%emt 0:00:49]} 14. Qc3 {[%emt 0:08:19]} Bxd5 {[%emt 0:05:59]} 15. Bxd5 {[%emt 0:01:49]} Bxh2+ {[%emt 0:00:03]} 16. Nxh2 {[%emt 0:05:27]} Qxd5 {[%emt 0:00:04]} 17. Qb3 {[%emt 0:04:10]} Qxb3 {[%emt 0:00:30]} 18. axb3 {[%emt 0:00:08]} Na7 {[%emt 0:03:13]} 19. Rfc1 {[%emt 0:00:39]} Nb5 {[%emt 0:01:10]} 20. Nf3 {[%emt 0:00:50]} Rad8 {[%emt 0:01:07]} 21. Ne5 {[%emt 0:03:40]} Rfe8 {[%emt 0:00:26]} 22. Nd3 {[%emt 0:00:50]} Re7 {[%emt 0:00:57]} 23. Nc5 {[%emt 0:00:58]} c6 {[%emt 0:00:22]} 24. g3 {[%emt 0:03:22]} Rd5 {[%emt 0:01:46]} 25. Kg2 {[%emt 0:00:28]} Nd6 {[%emt 0:01:47]} 26. Rh1 {[%emt 0:04:53]} Ne4 {[%emt 0:03:36]} 27. Nxe4 {[%emt 0:00:43]} Rxe4 {[%emt 0:00:04]} 28. Rac1 {[%emt 0:00:26]} Kf8 {[%emt 0:01:54]} 29. Rc3 {[%emt 0:07:48]} Ke7 {[%emt 0:00:38]} 30. Ra1 {[%emt 0:02:12]} Rb5 {[%emt 0:00:18]} 31. Ra4 {[%emt 0:02:44]} h5 {[%emt 0:02:42]} 32. Ra1 {[%emt 0:02:37]} g6 {[%emt 0:01:02]} 33. Ra4 {[%emt 0:01:14]} Re6 {[%emt 0:01:47]} 34. Ra1 {[%emt 0:02:21]} Rd6 {[%emt 0:00:52]} 35. Ra4 {[%emt 0:00:50]} Rdd5 {[%emt 0:00:42]} 36. Rac4 {[%emt 0:01:34]} Rb6 {[%emt 0:00:51]} 37. Ra4 {[%emt 0:03:15]} Rdb5 {[%emt 0:00:09]} 38. Ra3 {[%emt 0:00:07]} g5 {[%emt 0:01:09]} 39. e4 {[%emt 0:02:08]} f5 {[%emt 0:00:41]} 40. exf5 {[%emt 0:00:00]} Kf6 {[%emt 0:00:00]} 41. Re3 {[%emt 0:15:02]} Rxf5 {[%emt 0:10:13]} 42. Ra1 {[%emt 0:01:03]} Rb4 {[%emt 0:01:59]} 43. Rae1 {[%emt 0:01:14]} Rxd4 {[%emt 0:01:06]} 44. Re7 {[%emt 0:00:55]} Rb5 {[%emt 0:01:34]} 45. R1e6+ {[%emt 0:05:15]} Kf5 {[%emt 0:00:05]} 46. Re3 {[%emt 0:00:17]} Rd6 {[%emt 0:08:01]} 47. Rf7+ {[%emt 0:02:07]} Kg6 {[%emt 0:00:24]} 48. Ree7 {[%emt 0:01:32]} b6 {[%emt 0:00:53]} 49. f3 {[%emt 0:01:27]} Rf6 {[%emt 0:02:33]} 50. Rh7 {[%emt 0:04:24]} Rxb3 {[%emt 0:01:44]} 51. g4 {[%emt 0:00:15]} hxg4 {[%emt 0:00:30]} 52. fxg4 {[%emt 0:00:24]} Rxb2+ {[%emt 0:00:04]} 53. Kg3 {[%emt 0:02:30]} Re6 {[%emt 0:00:58]} 54. Reg7+ {[%emt 0:01:57]} Kf6 {[%emt 0:00:10]} 55. Rf7+ {[%emt 0:00:09]} Ke5 {[%emt 0:00:17]} 56. Rf5+ {[%emt 0:00:20]} Kd4 {[%emt 0:01:24]} 57. Rd7+ {[%emt 0:00:13]} Kc4 {[%emt 0:01:07]} 58. Rxg5 {[%emt 0:00:12]} a5 {[%emt 0:00:17]} 59. Rf5 {[%emt 0:00:17]} a4 {[%emt 0:00:49]} 60. Rf4+ {[%emt 0:00:27]} Kb5 {[%emt 0:00:23]} 61. Ra7 {[%emt 0:00:36]} Rb4 {[%emt 0:00:39]} 62. Rf5+ {[%emt 0:00:59]} c5 {[%emt 0:00:08]} 63. Kh4 {[%emt 0:00:18]} Rg6 {[%emt 0:00:58]} 64. Rg5 {[%emt 0:00:22]} Rxg5 {[%emt 0:00:05]} 65. Kxg5 {[%emt 0:00:06]} Rb1 {[%emt 0:00:11]} 66. Kf6 {[%emt 0:00:31]} Rf1+ {[%emt 0:00:11]} 67. Ke5 {[%emt 0:00:18]} Rg1 {[%emt 0:00:08]} 68. Kf5 {[%emt 0:00:05]} c4 {[%emt 0:00:30]} 69. g5 {[%emt 0:00:28]} c3 70. Rc7 a3 71. Rxc3 a2 72. Rb3+ Kc6 0-1

[Event "5th EKA IIFL Investment 2019"]
[Site "Mumbai"]
[Date "2020.01.02"]
[Round "4.42"]
[White "Sahoo, Utkal Ranjan"]
[Black "Wagh Suyog"]
[Result "1/2-1/2"]
[WhiteElo "2329"]
[BlackElo "2219"]
[Annotator "ChessBase"]
[PlyCount "81"]
[EventDate "2019.12.30"]
[EventType "swiss"]
[EventCountry "IND"]
[SourceTitle "playchess.com"]
[Source "ChessBase"]
[SourceQuality "1"]
[TimeControl "40/5400+30:1800+30"]

1. d4 {[%emt 0:00:00]} d5 {[%emt 0:00:00]} 2. c4 {[%emt 0:00:00]} e6 {[%emt 0:00:00]} 3. Nc3 {[%emt 0:00:02]} c6 {[%emt 0:00:00]} 4. cxd5 {[%emt 0:02:26]} exd5 {[%emt 0:00:00]} 5. Nf3 {[%emt 0:00:04]} Bf5 {[%emt 0:00:08]} 6. Bf4 {[%emt 0:05:52]} Bd6 {[%emt 0:00:05]} 7. Qd2 {[%emt 0:01:30]} Ne7 {[%emt 0:11:02]} 8. h3 {[%emt 0:02:44]} O-O {[%emt 0:02:08]} 9. g4 {[%emt 0:02:10]} Bxf4 {[%emt 0:05:11]} 10. Qxf4 {[%emt 0:00:08]} Be6 {[%emt 0:00:11]} 11. Qd2 {[%emt 0:18:24]} c5 {[%emt 0:12:41]} 12. e3 {[%emt 0:01:44]} Nbc6 {[%emt 0:04:17]} 13. Bg2 {[%emt 0:01:07]} Ng6 {[%emt 0:21:15]} 14. dxc5 {[%emt 0:03:56]} Qa5 {[%emt 0:01:23]} 15. O-O {[%emt 0:02:03]} Qxc5 {[%emt 0:01:42]} 16. Ne2 {[%emt 0:01:33]} Qe7 {[%emt 0:06:03]} 17. Ned4 {[%emt 0:01:25]} h5 {[%emt 0:00:58]} 18. gxh5 {[%emt 0:04:35]} Nh4 {[%emt 0:01:06]} 19. Nxh4 {[%emt 0:02:05]} Qxh4 {[%emt 0:00:09]} 20. Kh2 {[%emt 0:00:18]} Nxd4 {[%emt 0:04:55]} 21. Qxd4 {[%emt 0:01:47]} Qxh5 {[%emt 0:00:07]} 22. Rac1 {[%emt 0:02:57]} Rac8 {[%emt 0:01:40]} 23. Rg1 {[%emt 0:04:11]} Qf5 {[%emt 0:09:52]} 24. f4 {[%emt 0:01:10]} b6 {[%emt 0:01:12]} 25. Qd2 {[%emt 0:05:02]} Rfd8 {[%emt 0:01:00]} 26. a3 {[%emt 0:01:48]} Re8 {[%emt 0:03:06]} 27. Rxc8 {[%emt 0:02:16]} Rxc8 {[%emt 0:00:01]} 28. Rc1 {[%emt 0:00:09]} Rxc1 {[%emt 0:01:23]} 29. Qxc1 {[%emt 0:00:02]} Qd3 {[%emt 0:01:40]} 30. Bf1 {[%emt 0:00:13]} Qe4 {[%emt 0:00:11]} 31. Qd2 {[%emt 0:00:27]} Qf5 {[%emt 0:01:03]} 32. Bg2 {[%emt 0:05:54]} Kh8 {[%emt 0:02:14]} 33. Qc3 {[%emt 0:01:14]} Kg8 {[%emt 0:00:31]} 34. Qc7 {[%emt 0:02:11]} Qd3 {[%emt 0:01:23]} 35. Qe5 {[%emt 0:02:03]} g6 {[%emt 0:02:15]} 36. Kg3 {[%emt 0:02:40]} Qe2 {[%emt 0:02:33]} 37. Qc3 {[%emt 0:01:07]} Qd1 {[%emt 0:00:24]} 38. Kf2 {[%emt 0:02:35]} Qh5 {[%emt 0:01:06]} 39. Kg3 {[%emt 0:00:27]} Qd1 {[%emt 0:00:14]} 40. Kf2 {[%emt 0:00:00]} Qh5 {[%emt 0:00:00]} 41. Kg3 {[%emt 0:11:03]} 1/2-1/2